| 000 | 00732nam a2200241 i 4500 | ||
|---|---|---|---|
| 001 | bg | ||
| 100 | 1 | _aNeymann, Monika. | |
| 245 | 0 | 0 |
_aEnglish for promotion / _cMonika Neymann, Janet Bohdanowicz. |
| 260 |
_aWarszawa : _bWydawnictwo Poltext ; _c2005. |
||
| 300 |
_a167 s. ; _c24 cm. |
||
| 521 | 8 | _aDla uczących się angielskiego z dziedziny promocji i marketingu. | |
| 650 | 9 | _aJęzyk angielski | |
| 650 | 9 |
_aMarketing _xterminologia |
|
| 655 | _aPodręczniki | ||
| 020 | _a8388840770 | ||
| 040 | _cBPK | ||
| 041 | 0 |
_aeng _bpol |
|
| 044 | _aPOL | ||
| 080 | _a811.111:339.138](07) | ||
| 942 | _cKS | ||
| 008 | s pl f |000 0 pol | ||
| 999 |
_c54293 _d54293 |
||
| 856 |
_uhttp://koha.tu.koszalin.pl/cgi-bin/koha/opac-detail.pl?biblionumber=54293 _yKatalog online BPK |
||